Library Banner

Using benchmarks: (Record no. 89510)

MARC details
000 -LEADER
fixed length control field 00498nam a22001817a 4500
005 - DATE AND TIME OF LATEST TRANSACTION
control field 20170215113554.0
008 - FIXED-LENGTH DATA ELEMENTS--GENERAL INFORMATION
fixed length control field 161228b xxu||||| |||| 00| 0 eng d
020 ## - INTERNATIONAL STANDARD BOOK NUMBER
International Standard Book Number 1559537299
040 ## - CATALOGING SOURCE
Transcribing agency PK-LaUMT
082 ## - DEWEY DECIMAL CLASSIFICATION NUMBER
Classification number 513.26
Item number JAN-U
100 ## - MAIN ENTRY--PERSONAL NAME
Personal name Jane schmitt , Mary
245 ## - TITLE STATEMENT
Title Using benchmarks:
Remainder of title fractions, decimals, and percents/
Statement of responsibility, etc Mary Jane Schmitt [et al]
260 ## - PUBLICATION, DISTRIBUTION, ETC. (IMPRINT)
Place of publication, distribution, etc Cambridge:
Name of publisher, distributor, etc Key Curriculum press,
Date of publication, distribution, etc 2006
300 ## - PHYSICAL DESCRIPTION
Extent 125 p.
500 ## - GENERAL NOTE
General note Teacher book
546 ## - LANGUAGE NOTE
Language note EN
942 ## - ADDED ENTRY ELEMENTS (KOHA)
Koha item type Books
Holdings
Withdrawn status Lost status Damaged status Home library Current library Date acquired Full call number Barcode Date last seen Price effective from Koha item type
      UMT Main Campus UMT Main Campus 2016-12-28 513.26 JAN-U 104579 2016-12-28 2016-12-28 Books